000 00317nam a2200133Ia 4500
008 230917s9999||||xx |||||||||||||| ||und||
040 _e131473
_aMAIN
041 _aEnglish
082 _a658 C267C
245 0 _aCase studies on MNCS in India
260 _aHyderabad
_bICFAI
_c2007
300 _a339p p.
942 _cBK
999 _c143635
_d143635